000
00323 a2200109 4500
001
ART_18518
005
20260410161702.0
008
260409a
245
1
0
_a
Política tributaria para combatir la evasión
100
1
_a
Spisso, Rodolfo Roque
773
0
_t
Revista Impuestos
_g
- Nº 7 (jul. 2012)
_w
REV639
999
_c
15301
_d
15301